An essay in modal logic /
Guardado en:
| Autor Principal: | |
|---|---|
| Formato: | Libro |
| Idioma: | English |
| Publicado: |
Amsterdam :
North-Holland,
1951.
|
| Series: | Studies in logic and the foundations of mathematics
|
| Etiquetas: |
Agregar Etiqueta
Sin Etiquetas, Sea el primero en etiquetar este registro!
|
| LEADER | 00579nam a22001695a 4500 | ||
|---|---|---|---|
| 001 | MAT.inmabb000419 | ||
| 008 | 031125s1951####ne############001#0#eng#d | ||
| 005 | 20151110144327.0 | ||
| 245 | 1 | 3 | |a An essay in modal logic / |c Georg H. von Wright. |
| 260 | |a Amsterdam : |b North-Holland, |c 1951. | ||
| 300 | |a vi, 90 p. ; |c 22 cm. | ||
| 440 | 0 | |a Studies in logic and the foundations of mathematics | |
| 510 | 4 | |a MR, |c 13,614a | |
| 100 | 1 | |a Wright, G. H. von |q (Georg Henrik), |d 1916- | |
| 084 | |a 03B45 |2 msc2000 | ||
| 859 | |h 03 |i W947 |p A-161 |b BIB. MATEMATICA | ||
| 859 | |h 03 |i W947 |p A-646 |t Ej. 2 |b BIB. MATEMATICA | ||
